000 00517nam a2200193Ia 4500
005 20250326124241.0
008 250326s9999 xx 000 0 und d
037 _aTextbook
040 _aFMSL
_beng
_cFMSL
041 _aeng
_2eng
084 _aX:512 K7
_qFMSL
100 _aDavar R S
_9240194
245 0 _aSalesmanship and publicity
_cDavar R S
250 _a6
260 _aBombay
_bBombay, Progressive Corporation
_c1967
300 _a332p
942 _cTB
_hX:512 K7
999 _c1272943
_d1272943